| 000 | 01048cam a2200241 4500 | ||
|---|---|---|---|
| 001 | WB3745-01 | ||
| 008 | 011129n2001 000 0 eng u | ||
| 035 | _a(Sirsi) u115791 | ||
| 245 | _aAccess to open land | ||
| 260 | _c2001 | ||
| 490 |
_aRICS North West Region News _v22 November 2001, (1) |
||
| 520 | _aMembers of RICS in the North West are urging government not to rush plans to give access to open land in advance of the Countryside Rights of Ways Act (CRoW). As part of the Act, which gives the public new rights to walk on areas of open land, the country will be divided into eight mapping areas. The lower North West, which stretches from Lancaster to Nantwich and Huddersfield to Blackpool, has been chosen as one of the first areas that will be mapped. | ||
| 590 | _aWB | ||
| 650 | _aACCESS TO THE COUNTRYSIDE | ||
| 650 | _aRIGHTS OF WAY | ||
| 650 | _aOPEN LAND | ||
| 650 | _aRURAL AREAS | ||
| 650 | _aNORTHWEST ENGLAND | ||
| 650 | _aABOUT RICS | ||
| 650 | _aMAPPING | ||
| 690 |
_aBoundary disputes _96221 |
||
| 942 | _n0 | ||
| 999 |
_c68970 _d68970 |
||